000 00583nam a22001697a 4500
003 AUA.1
005 20210324140903.0
008 210324b ||||| |||| 00| 0 eng d
040 _cJTL
100 _aOmolo, Caroline Rita
245 _aThe theology of wealth (with ancient backgrounds study) in Luke and how it impacts the tradition of prosperity gospel in Africa /
_cCaroline Rita Omolo.
260 _c2020.
300 _avii, 121 leaves :
_c28 cm.
650 _aTheology of wealth
650 _aProsperity gospel
_xAfrica
942 _2aua
_cTHESIS
_hMABTS
_i.O66 2020
999 _c23189
_d23189